SURGICAL NURSING (Record no. 3997)

MARC details
000 -LEADER
fixed length control field 00332nam a2200145Ia 4500
008 - FIXED-LENGTH DATA ELEMENTS--GENERAL INFORMATION
fixed length control field 150201s1985 xx 000 0 und d
082 ## - DEWEY DECIMAL CLASSIFICATION NUMBER
Classification number 610.7367
Item number S1985W
100 ## - MAIN ENTRY--PERSONAL NAME
Personal name WILSON
245 ## - TITLE STATEMENT
Title SURGICAL NURSING
250 ## - EDITION STATEMENT
Edition statement 11TH
260 ## - PUBLICATION, DISTRIBUTION, ETC. (IMPRINT)
Name of publisher, distributor, etc. BAILIERE TINDALL
Place of publication, distribution, etc. DELHI
Date of publication, distribution, etc. 1985
300 ## - PHYSICAL DESCRIPTION
Extent 1-180
650 ## - SUBJECT ADDED ENTRY--TOPICAL TERM
Topical term or geographic name as entry element SURGERY
942 ## - ADDED ENTRY ELEMENTS (KOHA)
Source of classification or shelving scheme Dewey Decimal Classification
Koha item type Books
Holdings
Withdrawn status Lost status Source of classification or shelving scheme Damaged status Not for loan Home library Current library Date acquired Source of acquisition Cost, normal purchase price Serial Enumeration / chronology SGTU Bill Number Total Checkouts Full call number Barcode Date last seen Bill Date Koha item type
    Dewey Decimal Classification     SGT Dental Library SGT Dental Library 10/06/2008 U.B.S.DELHI 75.00 1 SGTU 1023   610.7367 S1985W FD5126 09/02/2015 17/01/2013 Books
    Dewey Decimal Classification     SGT Dental Library SGT Dental Library 10/06/2008 U.B.S.DELHI 75.00 1 SGTU 1023   610.7367 S1985W FD5127 09/02/2015 17/01/2013 Books
    Dewey Decimal Classification     SGT Dental Library SGT Dental Library 10/06/2008 U.B.S.DELHI 75.00 1 SGTU 1023   610.7367 S1985W FD5128 09/02/2015 17/01/2013 Books
    Dewey Decimal Classification     SGT Dental Library SGT Dental Library 10/06/2008 U.B.S.DELHI 75.00 1 SGTU 1023   610.7367 S1985W FD5129 09/02/2015 17/01/2013 Books
    Dewey Decimal Classification     SGT Dental Library SGT Dental Library 10/06/2008 U.B.S.DELHI 75.00 1 SGTU 1023   610.7367 S1985W FD5130 09/02/2015 17/01/2013 Books